书目信息 |
| 题名: |
数字信号处理器(DSP)易学通
|
|
| 作者: | ;三恒星科技 编著 | |
| 分册: | ||
| 出版信息: | 北京 人民邮电出版社 2006 |
|
| 页数: | 252页 | |
| 开本: | 24cm | |
| 丛书名: | ||
| 单 册: | ||
| 中图分类: | TN911.72 | |
| 科图分类: | ||
| 主题词: | 数字信号处理 | |
| 电子资源: | ||
| ISBN: | 7-115-14741-8 | |
| 000 | 00821nam0 2200265 450 | |
| 001 | 012004054191 | |
| 005 | 20070807163030.67 | |
| 009 | 012004054191 | |
| 010 | @a7-115-14741-8@dCNY32.00 | |
| 035 | @a(110120)012006073538 | |
| 100 | @a20060717d2006 em y0chiy0110 ea | |
| 101 | 0 | @achi |
| 102 | @aCN@b110000 | |
| 105 | @ay z 000yy | |
| 106 | @ar | |
| 200 | 1 | @a数字信号处理器(DSP)易学通@Ashu zi xin hao chu li qi(DSP) yi xue tong@f三恒星科技编著@Fsan heng xing ke ji bian zhu |
| 210 | @a北京@c人民邮电出版社@d2006 | |
| 215 | @a252页@d24cm@e1光盘 | |
| 307 | @a附光盘:ISBN 7-89488-136-8 | |
| 330 | @a是指导初学者学习数字信号处理器的入门书籍 | |
| 606 | 0 | @a数字信号处理 |
| 690 | @aTN911.72@v4 | |
| 711 | 02 | @a三恒星科技@Asan heng xing ke ji@4编著 |
| 801 | 0 | @aCN@b110120@c20070807 |
| 905 | @dTN911.72@e115@f1 | |
| 数字信号处理器(DSP)易学通/三恒星科技编著.-北京:人民邮电出版社,2006 |
| 252页;24cm+1光盘 |
| ISBN 7-115-14741-8:CNY32.00 |
| 是指导初学者学习数字信号处理器的入门书籍 |
| ● |
| 相关链接 |
|
|
|
|
正题名:数字信号处理器(DSP)易学通
索取号:TN911.72/115
 
预约/预借
| 序号 | 登录号 | 条形码 | 馆藏地/架位号 | 状态 | 备注 |
| 1 | 0853325 | 208533256 | 第二样本阅览室/ [索取号:TN911.72/115] | 在馆 |